MARC

Tag First Indicator Second Indicator Subfields
LEADER 00000nam a2200000 i 4500
001 in00005671221
003 OCoLC
005 20260109202631.5
006 m o d
007 cr cnu---unuuu
008 221207s2023 mdua ob 001 0 eng
010 |a  2022056454 
019 |a 1376365242 
020 |a 1538162660  |q electronic book 
020 |a 9781538162668  |q (electronic bk.) 
020 |z 9781538162651  |q hardcover 
024 8 |a 90102921292 
035 |a (OCoLC)in5671221 
035 |a (OCoLC)1353818977  |z (OCoLC)1376365242 
040 |a DLC  |b eng  |e rda  |c DLC  |d OCLCF  |d YDX  |d N$T  |d UBY  |d OCLCQ  |d OCLCO  |d CLOUD  |d OCLCO  |d OCLCQ  |d BLOOM  |d UKAHL 
042 |a pcc 
050 4 |a HT165.5  |b .W66 2023 
082 0 0 |a 307.1/216082  |2 23/eng/20221207 
245 0 0 |a Women reclaiming the city :  |b international research on urbanism, architecture, and planning /  |c edited by Tigran Haas. 
264 1 |a Lanham :  |b Rowman & Littlefield,  |c [2023] 
300 |a 1 online resource ( xix, 337 pages) :  |b illustrations (chiefly color), map (some color). 
336 |a text  |b txt  |2 rdacontent 
337 |a computer  |b c  |2 rdamedia 
338 |a online resource  |b cr  |2 rdacarrier 
347 |a data file  |2 rda 
504 |a Includes bibliographical references and index. 
532 1 |3 Bloomsbury  |a "For all our resources, we aim for compliance with Level AA of the Web Content Accessibility Guidelines version 2.2." Source: https://www.bloomsbury.com/us/discover/bloomsbury-digital-resources/librarian-resources/accessibility/. Last accessed June 25, 2025. 
588 |a Description based on online resource; title from digital title page (viewed on May 05, 2023). 
505 0 |a INTRODUCTION -- SECTION I: POLITICISED SPACES AND BEYOND -- Chapter 1 DOREEN MASSEY ON SPACE -- Chapter 2 CITIES OF CAPITAL -- THE INDIFFERENT CITY Learning from Doreen Massey -- Chapter 3 UNEQUAL CITIES, DIVIDED SPACES -- THE SEARCH OF EQUALITY -- Chapter 4 WHY PUBLIC SPACE MATTERS -- Chapter 5 LANDSCAPE LITERACY AND DESIGN FOR ECOLOGICAL DEMOCRACY The Nature of Mill Creek -- Chapter 6 PLANNING, DESIGN, AND THE JUST CITY -- Chapter 7 COMPARATIVE URBANISM IN GENTRIFICATION STUDIES Ongoing Debate -- SECTION II: CONTEMPORARY URBANISM GROUNDS -- Chapter 8 THE NEW DESIGN WITH NATURE Functionalism Re(de)fined -- Chapter 9 RETROFITTING SUBURBIA FOR TWENTY-FIRST-CENTURY CHALLENGES -- Chapter 10 THE ECOSYSTEM OF LOCAL SHOPPING STREETS AND THE ARCHITECTURE OF DIFFERENCE -- Chapter 11 WALKABILITY AND SOCIAL DIVERSITY -- Chapter 12 CAN ARCHITECTURE SURVIVE OUR GLOBAL HOUSING CRISIS? -- Chapter 13 LEADING WITH LANDSCAPE Investing in Green Infrastructure for Resilience -- SECTION III: NEW URBAN SOCIAL GEOGRAPHIES -- Chapter 14 A SERIES OF VIGNETTES, 1999-2014 -- Chapter 15 MEMORIALS, CONTESTED AND RESISTED -- Chapter 16 HEALTH IN THE CITY -- Chapter 17 FROM HOUSING PROJECTS TO HEALING GARDENS Reflections on a Career Considering the Psychology of Place -- Chapter 18 ENRICHING PLACES FOR LONGEVITY Does a Gender Perspective Make a Difference? -- Chapter 19 HOW DOES BODY CONSCIOUS DESIGN CONTRIBUTE TO URBANISM? -- SECTION IV: COLLECTIVE CITY FUTURES: DWELLINGS AND CULTURES -- Chapter 20 EVERYDAY URBANISM Public Spaces and Beyond -- Chapter 21 EDGES AND EDDIES Learning to be a High-Rise Society in Post-Independence Singapore, 1960-1995 -- Chapter 22 THE RIGHT TO HOUSING -- Chapter 23 THE CITY AS A COLLECTIVE GOOD -- Chapter 24 THE EMPATHY GAP Digital Culture Needs What Talk Therapy Offers -- INDEX 
650 0 |a City planning. 
650 0 |a Urban policy. 
650 0 |a Women and city planning. 
650 0 |a Women and land use planning. 
650 6 |a Politique urbaine. 
650 6 |a Femmes et urbanisme. 
650 6 |a Femmes et planification de l'utilisation du sol. 
650 7 |a Public Policy.  |2 bisacsh 
650 7 |a POLITICAL SCIENCE.  |2 bisacsh 
650 7 |a City planning  |2 fast 
650 7 |a Urban policy  |2 fast 
650 7 |a Women and city planning  |2 fast 
650 7 |a Women and land use planning  |2 fast 
655 7 |a Electronic books.  |2 local 
700 1 |a Haas, Tigran,  |e editor.  |1 https://id.oclc.org/worldcat/entity/E39PCjqWHyp89XvQxxJKJJB96q 
710 2 |a Bloomsbury (Firm) 
776 1 8 |i Print version:  |t Women reclaiming the city  |d Lanham : Rowman & Littlefield, [2023]  |z 9781538162651  |w (DLC) 2022056453 
856 4 0 |u http://proxy.library.tamu.edu/login?url=https://doi.org/10.5040/9798881817862?locatt=label:secondary_bloomsburyCollections  |z Connect to the full text of this electronic book  |t 0 
945 |b 569972 
955 |a YBP purchased firm e-records 
980 |b usergen  |c 90102921292  |g 565750  |k USD  |m 210.00  |p Faculty;Architecture  |q 1  |s AcqMono Conventional  |t Purchase at vendor system  |u Vendor order reference number  |v ZYBP  |y Faculty - electronic  |z Electronic resource 
999 f f |i b980e830-6b64-4824-936b-626c8737564b  |s f0c59096-627a-477c-a423-4a6b014400bb  |t 0 
952 f f |a Texas A&M University  |b College Station  |c Electronic Resources  |s www_evans  |d Available Online  |t 0  |e HT165.5 .W66 2023  |h Library of Congress classification